000 00337nam a22001457a 4500
003 OSt
005 20220406102600.0
008 220406b |||||||| |||| 00| 0 eng d
020 _a8121926467
040 _cHU
082 _22nd
_a621.75
100 _aSingh
_918454
245 _aElements Of Mechanical Engineering
942 _2ddc
_cBOOKS
_n0
999 _c34431
_d34431